000 01969nam a2200349 c 4500
001 59523
003 CO-BoRNBP
005 20251022152657.0
007 ta
008 250126s2024 ck ao gr 000 0 spa d
020 _a9786287729353
040 _aCO-BoRNBP
_bspa
_erda
_cCO-BoRNBP
041 0 _aspa
043 _as-ck---
082 0 4 _a305.898
_bH69o
100 _aHoyos, Juan José
_d1953-
_eaut
_965829
245 1 3 _aEl oro y la sangre /
_cJuan José Hoyos.
250 _aEdición especial
264 1 _aBogotá, Colombia :
_bSílaba Editores,
_c2024
300 _a222 páginas :
_bilustraciones, fotografías en blanco y negro
336 _atexto
_btxt
_2rdacontent
337 _asin mediación
_bn
_2rdamedia
338 _avolumen
_bnc
_2rdacarrier
490 0 _aSílabas de Tinta
520 _aEl Oro y la Sangre es un microcosmos del país. Un indígena emberá halla una mina de oro y sobre su comunidad se precipita una legión de aventureros, comerciantes, estafadores y guerrilleros. Después de los primeros muertos la ambición por el oro desemboca en una guerra en la que los contendientes y las víctimas los ponen los indígenas. Entonces interviene todo el mundo: la Iglesia, el gobierno, la policía, el ejército, la comisión de paz, la de asuntos indígena, la de derechos humanos... Mientras tanto el rosario de muertes se sigue desgranando. Enloquecidos por la súbita bonanza, los indígenas descubren un día el avión y se dedican a volar días enteros, o a comprar prostitutas por docenas y a mandarse a teñir el pelo del color del oro. En el tránsito final, un comando guerrillero logra imponer un ilusorio período de calma
521 1 _aRecomendado para un público adulto
650 0 0 _aCronicas
_2LEMB
_938458
650 0 7 _aEmberas
_xViolencia contra
_2lemb
_965830
650 0 7 _aMinas de oro
_xAspectos económicos
_zColombia
_2lemb
_965831
650 0 7 _aIndigenas de Colombia
_xUsos y costumbres
_2LEMB
_965832
942 _2ddc
_cBKLIT
999 _c59523
_d59523